000 00501nam a2200169Ia 4500
999 _c22260
_d22260
003 OSt
005 20200319121531.0
008 190216s9999||||xx |||||||||||||| ||und||
040 _coclc
082 _a297.64
_bKHA/V
100 _aKhadir. M S Abdul
_92082
245 0 _aVishudha Nabiyuda Swavabamahatmyam /
_cM S Abdul Khadir
260 _bAmina Book Stall,
_c1987.
_aTrissur:
300 _a300p
650 _aIslamic History
942 _cBK
_2ddc
_h297.64
_iKHA/V
_k297.64
_mKHA/V